Bilecik Bilecik Bilecik Bilecik Bilecik

Ölüme yolculuk = (Record no. 22908)

MARC details
000 -BAŞLIK
Sabit Uzunluktaki Kontrol Alanı 01029nam a22003257a 4500
001 - KONTROL NUMARASI
Control Dosyası 0022953
003 - KONTROL NUMARASI KİMLİĞİ
Kontrol Alanı KOHA_MİRAKIL
005 - EN SON İŞLEM TARİHİ ve ZAMANI
Kontrol Alanı 20260207002359.0
007 - FİZİKSEL TANIM SABİT ALAN - GENEL BİLGİ
Sabit uzunluklu kontrol alanı ta
008 - SABİT UZUNLUKTAKİ VERİ ÖGELERİ - GENEL BİLGİ
Sabit Alan 101018b1977 tu |||gr||||#||||1|tur |
040 ## - KATALOGLAMA KAYNAĞI
Özgün Kataloglama Kurumu TR-BiSEU
Kataloglama Dili tur
Çeviri Kurumu TR-BiSEU
Açıklama Kuralları rda
041 0# - DİL KODU
Metin ya da ses kaydının dil kodu tur
044 ## - YAYINLAYAN/ÜRETEN KURULUŞUN ÜLKE KODU
ISO country code tu
050 ## - SINIFLAMA ve YER NUMARASI
Sınıflama Numarası PQ2679.O4
Yer Numarası S46 1977
100 1# - KİŞİ ADI
Yazar Adı (Kişi adı) Semprun, Jorge..
240 10 - TEK BİÇİM BAŞLIK
Tekbiçim Başlık <a href="Le Grand Voyage">Le Grand Voyage</a>
Language of a work Türkçe
245 1# - ESER ADI BİLDİRİMİ
Başlık Ölüme yolculuk =
Alt Eseradı vb. Le Grand Voyage/
Sorumluluk Bildirimi Jorge. Semprun ; Jorge Semprun; çev.Nedim Gürsel.
264 #1 - ÜRERİM, YAYIN, DAĞITIM ve TELİF BİLDİRİMİ
Yayın yeri İstanbul :
Yayınlayan Milliyet yayınları
Yayın tarihi 1977
300 ## - FİZİKSEL TANIMLAMA
Sayfa, Cilt vb. 272 s. ;
Boyutları 20 cm.
336 ## - İÇERİK TÜRÜ
Content type term metin
Content type code txt
Source rdacontent
337 ## - MEDYA TÜRÜ
Media type term aracısız
Media type code n
Source rdamedia
338 ## - TAŞIYICI TÜRÜ
Carrier type term cilt
Carrier type code nc
Source rdacarrier
490 1# - DİZİ BİLDİRİMİ
Dizi Bildirimi Milliyet yayınları ;
Cilt Numarası 544.
490 1# - DİZİ BİLDİRİMİ
Dizi Bildirimi Yirminci Yüzyıl yazarları ;
Cilt Numarası 3.
500 ## - GENEL NOT
Genel Not Translation of :Le Grand Voyage
650 #0 - KONU BAŞLIĞI EK GİRİŞ - KONU TERİMİ
Konusal terim veya coğrafi ad French fiction.
9 (RLIN) 47735
830 1# - SERİ EK GİRİŞİ - TEKBİÇİM ESER ADI
Tekbiçim Başlık Milliyet yayınları ;
Volume number/sequential designation 544.
9 (RLIN) 7159
830 1# - SERİ EK GİRİŞİ - TEKBİÇİM ESER ADI
Tekbiçim Başlık Yirminci Yüzyıl yazarları ;
Volume number/sequential designation 3.
9 (RLIN) 47736
942 ## - EK GİRİŞ ÖGELERİ (KOHA)
Source of classification or shelving scheme Library of Congress Classification
Koha item type Book
Holdings
Materyal Türü Kalıcı Konum Mevcut Konum Sınıflandırma Kaynağı Edinim Bilgisi Ana Konular Alt Konular Yer Numarası Demirbaş Numarası Fatura Tarihi Maliyet, Alış Fiyatı Maliyet, Yenileme Fiyatı Geri Çekilme Durumu Kayıp Durumu Hasarlı Durumu Kredi için değil Kayıt Tarih Toplam Ödünçverme Son Görülme Tarihi Son Kontrol Tarihi Genel / Bağış Notu
Book BŞEÜ Pazaryeri MYO Kütüphanesi BŞEÜ Pazaryeri MYO Kütüphanesi Library of Congress Classification Bağış DİL VE EDEBİYAT Fransız - İtalyan - İspanyol - Portekiz Edebiyatı PQ2679.O4 S46 1977 0022953 02/02/2026 2.00 2.00         18/10/2010   05/12/2024 05/12/2024 Genel Bağış